Most Populous Island by Country - Statistics

General Stats
  • This quiz has been taken 51 times
  • The average score is 15 of 20
Answer Stats
Country Island % Correct
Japan Honshu
100%
Italy Sicily
98%
Greece Crete
96%
Indonesia Java
96%
Tanzania Zanzibar
92%
Australia Tasmania
90%
Philippines Luzon
88%
China Hainan
85%
New Zealand North
85%
Denmark Zealand
83%
United States Long
77%
Spain Tenerife
75%
Thailand Phuket
73%
Yemen Socotra
73%
Canada Montreal
65%
South Korea Jeju
63%
Russia Sakhalin
58%
France Réunion
40%
India Salsette
31%
Brazil São Luís
15%
No matching quizzes found
Score Distribution
Percent of People with Each Score
Percentile by Number Answered
Your Score History
You have not taken this quiz